000 00500nam a2200181 i 4500
001 100880
003 ES-MaACL
005 20250730063117.0
007 t|
008 051006s1968 sp ||||1| spa d
100 1 _aMatute, Ana María,
_d1925-2014
_979165
245 1 0 _aAlgunos muchachos /
_cAna María Matute.
250 _a1ª ed.
260 _aBarcelona :
_bDestino,
_c1968.
300 _a165 p., 3 h. ;
_c19 cm.
852 _aES-MaACL
_jC-56806
_bR.67591
999 _c100880
_d100880